00455 2200181 4500001002100000005001500021035002000036007000300056008004100059020002200100082001000122084001600132100001600148245004000164260003600204300002300240650001000263INLIS00000000000002220260428092958 a0010-0426000008ta260428 1 ind  a978-623-04-1764-1 a808.9 a808.9 ADH k0 aAdhan Akram1 aKaleidoscope of fate /cAdhan Akram aJakarta :bBhuana Sastra,c2024 a303 hlm. ;c21 cm. 4aFiksi